Pays qui ont changé de nom depuis 100 ans ! - Statistiques

Statistiques générales
  • Ce quiz a été pris 95 fois
  • Le résultat moyen est 11 sur 16
Statistiques - réponses
Ancien nom Nouveau nom Année % Correct
État libre d'Irlande Irlande 1937
98%
Tchécoslovaquie République tchèque 1993
97%
Macédoine Macédoine du Nord 2019
96%
Transjordanie Jordanie 1949
92%
Zaïre RD Congo 1997
89%
Perse Iran 1935
88%
Tchécoslovaquie Slovaquie 1993
88%
Swaziland Eswatini 2018
76%
Birmanie Myanmar 1989
74%
Pakistan oriental Bangladesh 1971
71%
Siam Thaïlande 1939
62%
Ceylan Sri Lanka 1972
56%
Rhodesia Zimbabwe 1980
51%
Haute-Volta Burkina Faso 1984
46%
Dahomey Bénin 1975
36%
Nyasaland Malawi 1964
22%
Aucun quiz correspondant
Distribution des résultats
% des personnes avec chaque résultat
Percentile par nombre de réponses
Votre historique - résultats
Vous n’avez pas pris ce quiz